000 01153nam0a2200337 4500
001 RU\NLR\bibl\299558
005 20260407080159.0
021 _aRU
_b2002-18559
_9933
035 _a(NLR Aleph) 000294832
090 _a1726757
_c1726757
100 _a20020806d2002 |||y0rusy50 ca
101 0 _arus
102 _aRU
105 _aa |||||||||
200 1 _aОсобо яркие светоизлучающие диоды, 2001-2002
_f[АО "Протон"]
210 _aОрел
_cБ.и.
_d2002
215 _a[12] с.
_cил.
_d30
606 0 _aСветодиоды
_jКаталоги
_92105673
_3RU\NLR\auth\661273022
610 0 _aДиоды светоизлучающие - Каталоги
675 _a621.382.2
_v3
_zrus
686 _a47
_2rugasnti
686 _a32.852.2
_2rubbk
686 _aЗ852.2я87
712 0 2 _4570
_a"Протон", закрытое акционерное общество
_cОрел
_3RU\NLR\AUTH\8810040496
_9580094
801 0 _aRU
_bRKP
_c20020806
_gPSBO
801 1 _aRU
_bRKP
_c20020806
801 2 _aRU
_bNLR
_c20040412
_grcr
852 _aNLR
_jПт 20.93/250
942 _cBOOK
980 _aNB